Seeking the sacred in contemporary religious architecture / (Record no. 309)
[ view plain ]
| 000 -LEADER | |
|---|---|
| fixed length control field | 00913cam a2200229 a 4500 |
| 001 - CONTROL NUMBER | |
| control field | 15978108 |
| 005 - DATE AND TIME OF LATEST TRANSACTION | |
| control field | 20241028173336.0 |
| 008 - FIXED-LENGTH DATA ELEMENTS--GENERAL INFORMATION | |
| fixed length control field | 091109s2010 ohua b s001 0 eng |
| 020 ## - INTERNATIONAL STANDARD BOOK NUMBER | |
| International Standard Book Number | 9781606350478 (hardback : alk. paper) |
| 020 ## - INTERNATIONAL STANDARD BOOK NUMBER | |
| International Standard Book Number | 9781606350478 |
| 050 00 - LIBRARY OF CONGRESS CALL NUMBER | |
| Classification number | NA4600 |
| Item number | .H64 2010 |
| 082 00 - DEWEY DECIMAL CLASSIFICATION NUMBER | |
| Classification number | 726.01 |
| Edition information | 22 |
| 100 1# - MAIN ENTRY--PERSONAL NAME | |
| Personal name | Hoffman, Douglas R., |
| Dates associated with a name | 1949- |
| 245 10 - TITLE STATEMENT | |
| Title | Seeking the sacred in contemporary religious architecture / |
| Statement of responsibility, etc. | Douglas R. Hoffman; foreword by Michael J. Crosbie |
| 260 ## - PUBLICATION, DISTRIBUTION, ETC. | |
| Place of publication, distribution, etc. | Kent, Ohio : |
| Name of publisher, distributor, etc. | Kent State University Press : |
| -- | In cooperation with Cleveland State University's College of Liberal Arts and Social Sciences, |
| Date of publication, distribution, etc. | c2010. |
| 300 ## - PHYSICAL DESCRIPTION | |
| Extent | xiii, 86 p. : |
| Other physical details | ill. (chiefly col.) ; |
| Dimensions | 28 cm. |
| 650 #0 - SUBJECT ADDED ENTRY--TOPICAL TERM | |
| Topical term or geographic name entry element | Religious architecture. |
| 650 #0 - SUBJECT ADDED ENTRY--TOPICAL TERM | |
| Topical term or geographic name entry element | Architecture, Modern |
| Chronological subdivision | 20th century. |
| 650 #0 - SUBJECT ADDED ENTRY--TOPICAL TERM | |
| Topical term or geographic name entry element | Architecture, Modern |
| Chronological subdivision | 21st century. |
| 700 ## - ADDED ENTRY--PERSONAL NAME | |
| Personal name | Crosbie, Michael J. (foreward) |
| 942 ## - ADDED ENTRY ELEMENTS (KOHA) | |
| Source of classification or shelving scheme | Library of Congress Classification |
| Koha item type | Books |
| Suppress in OPAC | No |
| 999 ## - | |
| -- | 309 |
| -- | 309 |
| Withdrawn status | Lost status | Source of classification or shelving scheme | Damaged status | Not for loan | Collection | Home library | Current library | Shelving location | Date acquired | Total checkouts | Full call number | Barcode | Date last seen | Copy number | Price effective from | Koha item type |
|---|---|---|---|---|---|---|---|---|---|---|---|---|---|---|---|---|
| Library of Congress Classification | Non-fiction | Science Library (Miotso) | Science Library (Miotso) | General stacks | 10/28/2024 | NA4600 .H64 2010 | SLM00000168 | 10/28/2024 | 1 | 10/28/2024 | Books | |||||
| Library of Congress Classification | Non-fiction | Science Library (Miotso) | Science Library (Miotso) | General stacks | 10/28/2024 | NA4600 .H64 2010 | SLM00000169 | 10/28/2024 | 2 | 10/28/2024 | Books | |||||
| Library of Congress Classification | Non-fiction | Science Library (Miotso) | Science Library (Miotso) | General stacks | 10/28/2024 | NA4600 .H64 2010 | SLM00000170 | 10/28/2024 | 3 | 10/28/2024 | Books | |||||
| Library of Congress Classification | Non-fiction | Science Library (Miotso) | Science Library (Miotso) | General stacks | 10/28/2024 | NA4600 .H64 2010 | SLM00000171 | 10/28/2024 | 4 | 10/28/2024 | Books | |||||
| Library of Congress Classification | Non-fiction | Science Library (Miotso) | Science Library (Miotso) | General stacks | 10/28/2024 | NA4600 .H64 2010 | SLM00000172 | 10/28/2024 | 5 | 10/28/2024 | Books |